| 000 | 01025nam0a2200313 4500 | ||
|---|---|---|---|
| 001 | RU\NLR\BIBL_A\011779170 | ||
| 005 | 20180912161546.0 | ||
| 010 |
_a978-5-04-095543-5 _920000 |
||
| 021 |
_aRU _bКН-П-18-055454 _9КН-П-18-3997 |
||
| 035 | _a(NLR Aleph) 011779170 | ||
| 035 | _a(RuMoRGB)009700518 | ||
| 090 |
_a11767216 _c11767216 |
||
| 100 | _a20180829d2018 u y0rusy50 ca | ||
| 101 | 0 | _arus | |
| 102 | _aRU | ||
| 105 | _aa|||z|||000ay | ||
| 200 | 1 |
_aМиленький ты мой _fМария Метлицкая |
|
| 210 |
_aМосква _cЭксмо _d2018 |
||
| 215 |
_a473, [2] с. _cил. _d17 |
||
| 225 | 1 |
_aЖенские судьбы _eуютная проза Марии Метлицкой |
|
| 333 | _a16+ | ||
| 686 | 2 | _aШ6(2=Р)8-440.4 | |
| 700 | 1 |
_7ca _8rus _aМетлицкая _bМ. _f1959- _gМария _92697373 _3RU\NLR\AUTH\770290045 |
|
| 942 | _cBOOK | ||
| 980 | _aNBR | ||
| 980 | _aNB | ||